[Event "Arco op 43rd"]
[Site "Arco"]
[Date "2021.10.12"]
[Round "4"]
[White "Oppici, Gabriele"]
[Black "Tahedl, Milo"]
[Result "1-0"]
[WhiteElo "1892"]
[BlackElo "1465"]
[PlyCount "43"]
[EventDate "2021.10.09"]
[EventType "swiss"]
[EventRounds "9"]
[EventCountry "ITA"]
[SourceTitle "CBM 204 Extra"]
[Source "ChessBase"]
[SourceDate "2021.11.30"]
[SourceVersion "1"]
[SourceVersionDate "2021.11.30"]
[SourceQuality "1"]

1. d4 g6 2. Nf3 Nf6 3. Bf4 Bg7 4. e3 d6 5. Be2 0-0 6. h3 c5 7. c4 Na6 8. Nc3 Nc7 9. dxc5 dxc5 10. Qxd8 Rxd8 11. Bxc7 Re8 12. 0-0 Bf5 13. Bh2 a6 14. Rfd1 h5 15. Rd2 Ne4 16. Nxe4 Bxe4 17. Rad1 Bc6 18. Ne5 Bxe5 19. Bxe5 b5 20. b3 f6 21. Bg3 Kf7 22. Bf3 1-0